| 000 | 00502pab a2200169 454500 | ||
|---|---|---|---|
| 008 | 180718b2010 xxu||||| |||| 00| 0 eng d | ||
| 100 | _aSilver, Helen | ||
| 245 | _aGetting the best out of federalism - The role of the productivity commission and the limits of national approaches | ||
| 260 | _c2010 | ||
| 300 | _ap.326-332. | ||
| 362 | _aSep | ||
| 650 | _aFederalism - Australia | ||
| 650 | _aFederalism | ||
| 773 | _aAustralian Journal of Public Administration | ||
| 908 | _aN | ||
| 909 | _a89313 | ||
| 999 |
_c89313 _d89313 |
||